|
|
|
|
| LEADER |
00904nab a2200205 i 4500 |
| 001 |
misc13939 |
| 005 |
20191106140911.0 |
| 008 |
170607s2000 hu o 0|| hun d |
| 022 |
|
|
|a 0025-0260
|
| 040 |
|
|
|a SZTE Miscellanea Repozitórium
|b hun
|
| 041 |
|
|
|a hun
|
| 100 |
2 |
|
|a Fűzné Kószó Mária
|
| 245 |
1 |
0 |
|a Joy Palmer és Philip Neal
|h [elektronikus dokumentum] :
|b A környezeti nevelés kézikönyve : második, javított és bővített kiadás : Körlánc Egyesület, Budapest, 2000. 231 o. : [könyvismertetés] /
|c Fűzné Kószó Mária
|
| 260 |
|
|
|c 2000
|
| 300 |
|
|
|a 521-524
|
| 490 |
0 |
|
|a Magyar pedagógia : a Magyar Tudományos Akadémia Pedagógiai Bizottságának folyóirata
|v 100 No. 4
|
| 695 |
|
|
|a Környezeti nevelés módszer, Könyvismertetés
|
| 700 |
0 |
1 |
|a Palmer Joy
|
| 700 |
0 |
1 |
|a Neal Philip
|
| 856 |
4 |
0 |
|u http://misc.bibl.u-szeged.hu/13939/1/mp_2000_004_6274_521-524.pdf
|z Dokumentum-elérés
|